[Event "Soest op"]
[Site "Soest"]
[Date "2001.05.27"]
[Round "7.29"]
[White "Blom, Stefan"]
[Black "Van de Velden, Eddy"]
[Result "0-1"]
[WhiteElo "1381"]
[BlackElo "1842"]
[PlyCount "42"]
[EventDate "2001.05.25"]
[EventType "swiss"]
[EventRounds "7"]
[EventCountry "NED"]
[SourceTitle "EXT 2002"]
[Source "ChessBase"]
[SourceDate "2001.11.25"]
[SourceVersion "1"]
[SourceVersionDate "2001.11.25"]
[SourceQuality "1"]

1. e4 c5 2. Nf3 Nc6 3. d4 cxd4 4. Nxd4 Nf6 5. Nc3 e5 6. Nb3 Bb4 7. Bg5 0-0 8. Bd3 d6 9. Qd2 Be6 10. 0-0 Rc8 11. a3 Bxc3 12. Qxc3 h6 13. Bxf6 Qxf6 14. Nd2 b6 15. Ba6 Nd4 16. Qd3 Rxc2 17. b4 Bc8 18. Bc4 Qg6 19. Nb3 Rxc4 20. Qxc4 Bh3 21. g3 Qxe4 0-1